Loading...
| History - World | 0 | 6 | 0 | 0 | 60 | 20 | 51.33 | 1 | 4 | 25.89 | 32.00 |
| Fine Arts - Painting and Sculpture | 0 | 5 | 1 | 1 | 45 | 107 | 113.20 | 0 | 0 | 1.62 | 10.68 |
| History - European | 0 | 4 | 0 | 1 | 40 | 39 | 72.50 | 0 | 0 | 11.51 | 10.42 |
| Religion | 0 | 5 | 2 | 2 | 40 | 50 | 87.60 | 0 | 1 | 9.00 | 16.03 |
| History - Other | 0 | 4 | 1 | 0 | 35 | 46 | 66.00 | 0 | 2 | 12.98 | 23.45 |
| Mythology | 0 | 3 | 1 | 0 | 25 | 66 | 89.67 | 0 | 0 | 5.79 | 7.80 |
| Social Science | 0 | 2 | 0 | 1 | 20 | 104 | 106.50 | 0 | 0 | 0.00 | 1.85 |
| Fine Arts - Classical Music | 0 | 2 | 0 | 1 | 20 | 81 | 98.50 | 0 | 0 | 2.45 | 5.77 |
| Fine Arts - Other | 0 | 2 | 0 | 1 | 20 | 90 | 95.00 | 0 | 0 | 2.78 | 4.86 |
| Literature - British | 0 | 2 | 0 | 1 | 20 | 79 | 92.50 | 0 | 0 | 2.67 | 3.95 |
| Current Events | 0 | 2 | 0 | 1 | 20 | 94 | 100.00 | 0 | 0 | 1.94 | 17.31 |
| Literature - World | 0 | 2 | 1 | 0 | 15 | 96 | 99.50 | 0 | 0 | 2.25 | 4.70 |
| Philosophy | 0 | 1 | 1 | 0 | 5 | 99 | 99.00 | 0 | 0 | 0.22 | 2.56 |
| Geography | 0 | 1 | 2 | 0 | 0 | 37 | 37.00 | 0 | 1 | 11.48 | 15.28 |
| History - American | 0 | 0 | 1 | 0 | -5 | 0.00 | 0 | 0 | 0.00 | 0.00 |